| 000 | 01073nam a22003257a 4500 | ||
|---|---|---|---|
| 003 | CHAP | ||
| 005 | 20220329134220.0 | ||
| 008 | 971013s1962 us a r 00010 eng d | ||
| 010 | _a17080 | ||
| 011 | _a18052 | ||
| 035 | _a22136 | ||
| 040 | _cCHAP | ||
| 082 | 0 | 4 |
_a581.192 _bJ45 |
| 100 | 0 | 0 |
_aJensen, William A. _961369 |
| 245 | 1 | _aBotanical histochemistry; principles and practice | |
| 260 |
_aSan Francisco : _bFreeman, _c1962 |
||
| 300 |
_a408 p. _b: ilus |
||
| 590 |
_aBATCH-UPD _b10 _c20130110 _lUCH01 _h0044 |
||
| 590 |
_aBATCH-UPD _b10 _c20130110 _lUCH01 _h2021 |
||
| 590 |
_aBATCH-UPD _b10 _c20130409 _lUCH01 _h2030 |
||
| 590 |
_aBATCH-UPD _b10 _c20130410 _lUCH01 _h1339 |
||
| 590 |
_aBATCH-UPD _b10 _c20130914 _lUCH01 _h1618 |
||
| 590 |
_aCONVERSION _b10 _c20130109 _lUCH01 _h1311 |
||
| 650 | 1 | 4 |
_aHistoquímica. _955598 |
| 650 | 1 | 4 |
_aQuímica vegetal. _993602 |
| 901 | _aBK | ||
| 942 | _cLIBRO | ||
| 949 |
_a581.192 J45 _bBC _cLIBRO _d33724000511242 _eLIBRO _h9357 _i22136 _si _t125.00 |
||
| 949 |
_a581.192 J45 _bBC _cLIBRO _d33724000511259 _eLIBRO _fc.2 _h9358 _i22136 _si _t125.00 |
||
| 999 |
_c17080 _d17080 |
||